El arte griego /

Guardado en:
Autor Corporativo: TRANSTEL.
Formato: Deslizar
Series:Las grandes épocas del arte europeo
Materias:
Etiquetas: Agregar Etiqueta
Sin Etiquetas, Sea el primero en etiquetar este registro!
LEADER 01117ngm a22003255g 4500
001 CEM.cems022339
008 130507b1998##################0###0#####d
005 20241029145703.0
245 1 0 |a El arte griego /  |c TRANSTEL. 
300 |a 53'. 
490 0 |a Las grandes épocas del arte europeo 
500 |a En soporte VHS, consultar en ventanilla. 
505 0 |a Arquitectura: la Acrópolis. Las primeras estatuas griegas. Representación de los dioses en la escultura. La poesía homérica representada en la pintura griega. Mito y realidad. Pericles. 
538 |a Soporte: VHS - Norma: Pal N - Color: Si - Grabación DRD 1998 - Hitachi=4280 
110 2 |a TRANSTEL. 
082 7 5 |/ TRA 
653 |a HISTORIA DEL ARTE 
653 |a ARQUITECTURA 
653 |a ACROPOLIS 
653 |a ESTATUAS GRIEGAS 
653 |a ESCULTURAS 
653 |a POESIA HOMERICA 
653 |a PINTURA GRIEGA 
653 |a MITO 
653 |a PERICLES 
653 |a ARTE GRIEGO 
653 |a MITOS 
653 |a NIVEL PRIMARIO 
653 |a NIVEL SECUNDARIO 
859 |a CEMS  |b BIB. CEMS - Depto. Recursos Didacticos  |h 751  |i TRA  |k DRD  |p 982.12  |t Ej.1